ბათუმის შოთა რუსთაველის სახელმწიფო უნივერსიტეტის ბიბლიოთეკა

Dermatology: (ბიბ.ჩანაწერი № 61669)

000 -LEADER
fixed length control field 00826nam a22002177a 4500
005 - DATE AND TIME OF LATEST TRANSACTION
control field 20240415173213.0
008 - FIXED-LENGTH DATA ELEMENTS--GENERAL INFORMATION
fixed length control field 240415s2008 enk||||| |||| 00| 0 eng d
020 ## - INTERNATIONAL STANDARD BOOK NUMBER
International Standard Book Number 9781416029991x
041 ## - LANGUAGE CODE
Language code of text/sound track or separate title end
080 ## - UNIVERSAL DECIMAL CLASSIFICATION NUMBER
Universal Decimal Classification number 616.5 D-45
245 ## - TITLE STATEMENT
Title Dermatology:
Remainder of title One Volume /
Statement of responsibility, etc. Jean L. Bolognia, Joseph L. Jorizzo, Ronald P. Rapini, Julie V. Schaffer.
264 ## - PRODUCTION, PUBLICATION, DISTRIBUTION, MANUFACTURE, AND COPYRIGHT NOTICE
Place of production, publication, distribution, manufacture New York :
Name of producer, publisher, distributor, manufacturer ‎Mosby,
Date of production, publication, distribution, manufacture, or copyright notice 2008.
300 ## - PHYSICAL DESCRIPTION
Extent 1319 p. :
Other physical details ill.;
Dimensions 29 cm.
653 ## - INDEX TERM--UNCONTROLLED
keyword დერმატოლოგია
653 ## - INDEX TERM--UNCONTROLLED
keyword მედიცინა
700 ## - ADDED ENTRY--PERSONAL NAME
Personal name Bolognia, Jean L.
Relator term რედაქტორი
9 (RLIN) 21792
700 ## - ADDED ENTRY--PERSONAL NAME
Personal name Jorizzo, Joseph L.
Relator term რედაქტორი
9 (RLIN) 21793
700 ## - ADDED ENTRY--PERSONAL NAME
Personal name Rapini, Ronald P.
Relator term რედაქტორი
9 (RLIN) 21794
700 ## - ADDED ENTRY--PERSONAL NAME
Personal name Schaffer, Julie V.
Relator term რედაქტორი
9 (RLIN) 21795
942 ## - ADDED ENTRY ELEMENTS (KOHA)
Source of classification or shelving scheme
Koha item type წიგნი
ეგზემპლარები
Withdrawn status Lost status Source of classification or shelving scheme Damaged status Not for loan Permanent Location Current Location Shelving location Date acquired Cost, normal purchase price Full call number Barcode Date last seen Copy number Price effective from Koha item type Public note
          ბათუმის შოთა რუსთაველის სახელმწიფო უნივერსიტეტის მთავარი ბიბლიოთეკა ბათუმის შოთა რუსთაველის სახელმწიფო უნივერსიტეტის მთავარი ბიბლიოთეკა წიგნსაცავი 2024-04-15 483.00 616.5 D-45 67830 2024-04-15 67830 2024-04-15 წიგნი 483